000 00487nmm a2200169Ia 4500
008 251105s9999||||xx |||||||||||||||||und||
020 _a9789585516489
041 _aspa
100 _aJaramillo, Carlos Andrés
245 0 _aAl morir las cosas
264 _a[Bogotá, Colombia] :
_bSílaba Editores,
_c2021
300 _a105 páginas
490 _aMil y una Sílabas
650 _aLatin American narrative
856 _uhttps://public.digitaliapublishing.com/a/100433
942 _cCF
999 _c95151
_d95151